Antiquities of Mexico.

Збережено в:
Бібліографічні деталі
Автор: Dupain, M
Інші автори: Aglio, Augustine, Kingsborough, Lord
Формат: Книга
Мова:Англійська
Іспанська
Опубліковано: London, England, United Kingdom A. Aglio 1830
Предмети:
Теги: Додати тег
Немає тегів, Будьте першим, хто поставить тег для цього запису!

MARC

LEADER 00000nam a2200000 a 4500
001 UCJ8587
003 CL-VaPUC
005 20240611105641.0
008 070124e18300000UK |||||||||||||||||eng|d
999 |c 324259  |d 324257 
040 |c Pontificia Universidad Católica de Valparaíso 
041 0 7 |a eng  |2 CL-VaPUC 
041 0 7 |a spa  |2 CL-VaPUC 
082 0 4 |a 572 DUP 1830  |2 21 
100 0 |a Dupain, M  |9 517424 
245 1 0 |a Antiquities of Mexico. 
260 0 3 |a London, England, United Kingdom  |b A. Aglio  |c 1830 
300 |a 9 volúmenes. 
500 |a Fol.- Media pasta, tafilete.- Anteport.- v. pié de imprenta.- Port.- v. en bl.- Al inicio de la obra figura en portada la información de que se trata de una obra en siete volúmenes; más adelante aparece la información de que es de nueve. Formato .57x.40x.8 m 
583 |a last modification  |c 20190801 07:21:58  |k Rodrigo Vera 
650 0 |a Arqueología   |9 265619 
650 0 |a Aztecas  |9 265930 
650 0 |a Ilustraciones  |9 369481 
650 0 |a Historia de México  |9 321806 
650 7 |a CRONISTAS MEXICANOS  |2 CL-VaPUC  |9 517427 
651 0 |a México  |9 255269 
700 0 |a Aglio, Augustine  |9 517425 
700 0 |a Kingsborough, Lord  |9 517426 
942 |c BK  |2 ddc 
945 |d 20070124 00:00:00  |a rinostro 
952 |0 0  |1 0  |4 0  |6 572_000000000000000_DUP_1830  |7 0  |8 X  |9 404248  |a FDOBUD  |b FDOBUD  |d 2019-11-22  |h v.1  |i 1079913  |o 572 DUP 1830  |p 1079913  |r 2019-11-22  |t 1  |w 2019-11-22  |y BK_X  |k BUD 
952 |0 0  |1 0  |4 0  |6 572_000000000000000_DUP_1830  |7 0  |8 X  |9 404249  |a FDOBUD  |b FDOBUD  |d 2019-11-22  |h v.2  |i 1079921  |o 572 DUP 1830  |p 1079921  |r 2019-11-22  |t 1  |w 2019-11-22  |y BK_X  |k BUD 
952 |0 0  |1 0  |4 0  |6 572_000000000000000_DUP_1830  |7 0  |8 X  |9 404250  |a FDOBUD  |b FDOBUD  |d 2019-11-22  |h v.3  |i 107993K  |o 572 DUP 1830  |p 107993K  |r 2019-11-22  |t 1  |w 2019-11-22  |y BK_X  |k BUD 
952 |0 0  |1 0  |4 0  |6 572_000000000000000_DUP_1830  |7 0  |8 X  |9 404251  |a FDOBUD  |b FDOBUD  |d 2019-11-22  |h v.4  |i 1079948  |o 572 DUP 1830  |p 1079948  |r 2019-11-22  |t 1  |w 2019-11-22  |y BK_X  |k BUD 
952 |0 0  |1 0  |4 0  |6 572_000000000000000_DUP_1830  |7 0  |8 X  |9 404252  |a FDOBUD  |b FDOBUD  |d 2019-11-22  |h v.5  |i 1079956  |o 572 DUP 1830  |p 1079956  |r 2019-11-22  |t 1  |w 2019-11-22  |y BK_X  |k BUD 
952 |0 0  |1 0  |4 0  |6 572_000000000000000_DUP_1830  |7 0  |8 X  |9 404253  |a FDOBUD  |b FDOBUD  |d 2019-11-22  |h v.6  |i 1079964  |o 572 DUP 1830  |p 1079964  |r 2019-11-22  |t 1  |w 2019-11-22  |y BK_X  |k BUD 
952 |0 0  |1 0  |4 0  |6 572_000000000000000_DUP_1830  |7 0  |8 X  |9 404254  |a FDOBUD  |b FDOBUD  |d 2019-11-22  |h v.7  |i 1079972  |o 572 DUP 1830  |p 1079972  |r 2019-11-22  |t 1  |w 2019-11-22  |y BK_X  |k BUD 
952 |0 0  |1 0  |4 0  |6 572_000000000000000_DUP_1830  |7 0  |8 X  |9 404255  |a FDOBUD  |b FDOBUD  |d 2019-11-22  |h v.8  |i 1079980  |o 572 DUP 1830  |p 1079980  |r 2019-11-22  |t 1  |w 2019-11-22  |y BK_X  |k BUD 
952 |0 0  |1 0  |4 0  |6 572_000000000000000_DUP_1830  |7 0  |8 X  |9 404256  |a FDOBUD  |b FDOBUD  |d 2019-11-22  |h v.9  |i 1079999  |o 572 DUP 1830  |p 1079999  |r 2019-11-22  |t 1  |w 2019-11-22  |y BK_X  |k BUD